Tombes du Cimetière de Montmartre en images (1) - Statistiques

Statistiques générales
  • Ce quiz a été pris 24 fois
  • Le résultat moyen est 15 sur 30
Statistiques - réponses
Par images Hint Réponse % Correct
1940-2020 - Dessinatrice de BD Claire {Bretécher}
95%
1803-1869 - Compositeur Hector {Berlioz}
95%
1954-2007 - Musicien Fred {Chichin}
89%
1920-1975 - Acteur Jacques {Charon}
89%
1922-2020 - Couturier Pierre {Cardin}
89%
1933-1987 - Chanteuse Yolanda-Cristina Gigliotti, dite {Dalida}
89%
1824-1895 - Ecrivain Alexandre {Dumas} fils
84%
1834-1917 - Peintre Edgar {Degas}
84%
1947-2018 - Chanteuse France {Gall}
84%
1933-2007 - Acteur Jean-Claude {Brialy}
79%
1922-2016 - Acteur Michel {Galabru}
79%
1947-1992 - Chanteur Michel {Berger}
74%
1811-1872 - Ecrivain Théophile {Gautier}
74%
1932-1997 - Femme de cirque Annie {Fratellini}
63%
1907-1977 - Réalisateur Henri-Georges {Clouzot}
63%
1901-2000 - Réalisateur Claude {Autant-Lara}
53%
1862-1921 - Dramaturge Georges {Feydeau}
37%
1822-1896 - Ecrivain Edmond de {Goncourt{
32%
1830-1970 - Ecrivain Jules de {Goncourt{
32%
1836-1891 - Compositeur Léo {Delibes}
32%
1919-2014 - Journaliste Menie {Grégoire}
32%
1824-1847 - Dame aux camélias Marie {Duplessis}
21%
1908-1990 - Acteur Pierre {Dux}
21%
1824-1904 - Peintre Jean-Léon {Gérôme}
11%
1925-1997 - Comédien Jacques {Fabbri}
5%
1867-1936 - Explorateur Jean-Baptiste {Charcot}
5%
1725-1805 - Peintre Jean-Baptiste {Greuze}
5%
1786-1859 - Poètesse Marceline {Desbordes-Valmore}
5%
1784-1833 - Cuisinier Marie-Antoine {Carême}
5%
1925-2006 - Acteur Philippe {Castelli}
5%
Aucun quiz correspondant
Distribution des résultats
% des personnes avec chaque résultat
Percentile par nombre de réponses
Votre historique - résultats
Vous n’avez pas pris ce quiz